[Event "IECG CF.2003.0.00045 email"]
[Site "IECG email"]
[Date "2003.04.12"]
[Round "?"]
[White "Rigney, Mike"]
[Black "Shyshkin, Victor"]
[Result "0-1"]
[WhiteElo "1000"]
[BlackElo "1000"]
[PlyCount "70"]
[EventDate "2003.04.12"]
[EventType "tourn (corr)"]
[EventRounds "6"]
[SourceTitle "Corr 2008"]
[Source "ChessBase"]
[SourceDate "2008.06.24"]
[SourceVersion "1"]
[SourceVersionDate "2008.06.24"]
[SourceQuality "1"]

1. d4 Nf6 2. c4 g6 3. Nc3 d5 4. cxd5 Nxd5 5. e4 Nxc3 6. bxc3 Bg7 7. Nf3 c5 8. Be3 0-0 9. Rc1 Bg4 10. Qd2 Bxf3 11. gxf3 e6 12. Rb1 Nc6 13. e5 Qd5 14. Bg2 cxd4 15. cxd4 Rad8 16. 0-0 Nxe5 17. Qb4 Nxf3+ 18. Bxf3 Qxf3 19. Qxb7 Rd5 20. Rb5 Qg4+ 21. Kh1 Bxd4 22. Rxd5 Qf3+ 23. Kg1 exd5 24. Re1 Re8 25. Qd7 Re4 26. h3 Bxe3 27. Rxe3 Rxe3 28. fxe3 Qxe3+ 29. Kf1 d4 30. Qxa7 Qxh3+ 31. Ke2 Qe3+ 32. Kd1 h5 33. a4 h4 34. a5 h3 35. a6 Qb3+ 0-1